000 00434nam a2200181Ia 4500
001 15018
005 20260306164957.0
008 260306t2012||||xx |||||||||||||| ||spa||
041 _aESP
082 _a519.72
_bM63 2012
100 _aMiranda, Miguel
_eAUT
245 0 _aProgramación lineal:
_by su entorno
260 _c2012
300 _a335 pƔginas :
_c28 cm.
650 _aGEN
654 _aCMA
942 _cLIB
_dJUS
_fJUS
_2ddc
_n
999 _c15018
_d15018